Datum a čas kvízu
14.5
Celkem bodů
Celkový počet nahraných bodů na tomto kvízu bez doplňovacích otázek.
11.
Pořadí na kvízu
Konečné umístění týmu na tomto kvízu.
Zaznamenané odpovědi
| # | Otázka | Odpověď | Body | Výsledky |
|---|---|---|---|---|
| 1. | Jeden muž si chtěl ulehčit par... | přemaloval čáry na vozovce | 0 | |
| 2. | Georgio Loiseau, starosta fran... | štěkání psů | 0 | |
| 3. | Jak se nazývá snímek, který zí... | Oppenheimer | 0 | |
| 4. | Roční míra inflace v jisté zem... | Argentina | 0 | |
| 5. | Na letošním ročníku Dakaru zau... | Kachna | 0 | |
| 6. | Čeština má celkem 3 gramatické... | 14 | 1 | |
| 7. | Přiřaďte ke každému slovu jeho... | 1D 2B 3C 4A | 0 | |
| 8. | Dva gramatické rody můžeme při... | káně | 1 | |
| 9. | V minulé otázce jsme se ptali... | zombie | 0 | |
| 10. | Začátkem roku 2023 byla Ústave... | hranolka, hranolek | 1 |